Fiesta e imaginería cívica: la memoria de la estatuaria de las celebraciones patrias costarricenses 1876-1921 /

Este artículo se encarga de estudiar las develaciones de estatuas que se dieron en Costa Rica durante las fiestas patrias de la independencia, en un período ubicado entre 1876 y 1921. Su objetivo fundamental consiste en comprender la forma en que se seleccionó un cierto pasado político, y las estrat...

Ausführliche Beschreibung

Gespeichert in:
Bibliographische Detailangaben
1. Verfasser: Díaz Arias, David
Format: Text
Schlagworte:
Tags: Tag hinzufügen
Keine Tags, Fügen Sie den ersten Tag hinzu!

MARC

LEADER 00000 a a2200000 04500
001 15673
003
040
100 |a Díaz Arias, David  
245 |a Fiesta e imaginería cívica:   |b la memoria de la estatuaria de las celebraciones patrias costarricenses 1876-1921 /  |c David Díaz Arias 
520 |a Este artículo se encarga de estudiar las develaciones de estatuas que se dieron en Costa Rica durante las fiestas patrias de la independencia, en un período ubicado entre 1876 y 1921. Su objetivo fundamental consiste en comprender la forma en que se seleccionó un cierto pasado político, y las estrategias discursivas que se utilizaron para fomentarlo y representarlo a través de la estatuaria. Así, inspecciona las discusiones que se dieron en torno de la elección de los personajes históricos que se iban a seleccionar para ser convertidos en estatuas públicas, y el papel de las representaciones en la elaboración de una memoria oficial  
650 |a CIVICA  
650 |a POLITICA  
650 |a NACIONALES  
650 |a COSTA RICA  
773 |g número 49 -50; páginas 111-154  
999 |c 28420  |d 28420